Normal view MARC view
  • JAIN,N.K

Entry Personal Name

Number of records used in: 1

001 - CONTROL NUMBER

  • control field: 7777

003 - CONTROL NUMBER IDENTIFIER

  • control field: JRU

005 - DATE AND TIME OF LATEST TRANSACTION

  • control field: 20230415111028.0

008 - FIXED-LENGTH DATA ELEMENTS

  • fixed length control field: 230415|| aca||aabn | a|a d

040 ## - CATALOGING SOURCE

  • Original cataloging agency: JRU
  • Transcribing agency: JRU

100 ## - HEADING--PERSONAL NAME

  • Personal name: JAIN,N.K

670 ## - SOURCE DATA FOUND

  • Source citation: Work cat.: (JRU)8291: JAIN,N.K., CONTROLLED AND NOVEL DRUG DELIVERY , 2023